书目信息 |
| 题名: |
钱学森的故事
|
|
| 作者: | 叶永烈, 著 | |
| 分册: | ||
| 出版信息: | 北京 中国青年出版社 2018 |
|
| 页数: | 259页 | |
| 开本: | 24cm | |
| 丛书名: | ||
| 单 册: | ||
| 中图分类: | K826.16 | |
| 科图分类: | ||
| 主题词: | 科学家--Ke Xue Jia--传记 | |
| 电子资源: | ||
| ISBN: | 978-7-5153-5084-4 | |
| 000 | 01451cam0 2200265 45 | |
| 001 | 012001009363 | |
| 005 | 20140101142559.0 | |
| 010 | @a978-7-5153-5084-4@dCNY58.00 | |
| 010 | @a978-7-5153-5083-7@b精装@dCNY58.00 | |
| 099 | @aCAL 012018140358 | |
| 100 | @a20181106d2018 em y0chiy50 ea | |
| 101 | 0 | @achi |
| 102 | @aCN@b110000 | |
| 105 | @aaf z 000yb | |
| 106 | @ar | |
| 200 | 1 | @a钱学森的故事@AQian Xue Sen De Gu Shi@f叶永烈著 |
| 210 | @a北京@c中国青年出版社@d2018 | |
| 215 | @a259页@c肖像@d24cm | |
| 330 | @a《钱学森的故事》根据青少年人生成长需要与阅读兴趣特点,精选钱学森精彩人生片段,倾情讲述钱学森:一位昂扬自信的多面手学霸、与美特工斗智斗勇的爱国勇士、归国拓荒的“火箭大王”,光辉熠熠的科技巨星——“两弹一星”功勋科学家的传奇人生故事;生动展现钱学森卓越的人生追求、高尚的精神世界与非凡的科学成就,为广大青少年爱国家爱科学,素描了一位可亲、可敬、可学的超级青春偶像。谁都爱听故事。钱学森的故事很多,而且也很有趣。作者娓娓道来,在讲述了《开头的故事》之后,分别讲述了钱学森《早年的故事》《留学的故事》《抗争的故事》《归来的故事》《两弹一星的故事》以及《最后的故事》。透过这一连串的故事,一个实实在在、有血有肉的大科学家钱学森形象,就深深烙在你的脑海之中。读《钱学森的故事》,做新时代有为青年。 | |
| 600 | 0 | @a钱学森,@AQian Xue Sen@f1911-2009@x传记 |
| 606 | 0 | @a科学家@AKe Xue Jia@x传记 |
| 690 | @aK826.16@v5 | |
| 701 | 0 | @a叶永烈,@AYe Yong Lie@f1940-@4著 |
| 801 | 0 | @aCN@b上海新华@c20191020 |
| 905 | @b1187906-9@dK826.16@e112@f4 | |
| 钱学森的故事/叶永烈著.-北京:中国青年出版社,2018 |
| 259页:肖像;24cm |
| ISBN 978-7-5153-5084-4:CNY58.00 |
| 《钱学森的故事》根据青少年人生成长需要与阅读兴趣特点,精选钱学森精彩人生片段,倾情讲述钱学森:一位昂扬自信的多面手学霸、与美特工斗智斗勇的爱国勇士、归国拓荒的“火箭大王”,光辉熠熠的科技巨星——“两弹一星”功勋科学家的传奇人生故事;生动展现钱学森卓越的人生追求、高尚的精神世界与非凡的科学成就,为广大青少年爱国家爱科学,素描了一位可亲、可敬、可学的超级青春偶像。谁都爱听故事。钱学森的故事很多,而且也很有趣。作者娓娓道来,在讲述了《开头的故事》之后,分别讲述了钱学森《早年的故事》《留学的故事》《抗争的故事》《归来的故事》《两弹一星的故事》以及《最后的故事》。透过这一连串的故事,一个实实在在、有血有肉的大科学家钱学森形象,就深深烙在你的脑海之中。读《钱学森的故事》,做新时代有为青年。 |
| ● |
| 相关链接 |
|
|
|
|
正题名:钱学森的故事
索取号:K826.16/112
 
预约/预借
| 序号 | 登录号 | 条形码 | 馆藏地/架位号 | 状态 | 备注 |
| 1 | 1187906 | 211879065 | 第二样本阅览室/ [索取号:K826.16/112] | 在馆 | |
| 2 | 1187907 | 211879074 | 第二借阅区/ [索取号:K826.16/112] | 在馆 | |
| 3 | 1187908 | 211879083 | 第二借阅区/ [索取号:K826.16/112] | 在馆 | |
| 4 | 1187909 | 211879092 | 第二借阅区/ [索取号:K826.16/112] | 在馆 |